Proyecto juventud, TICs y prevención del VIH SIDA en América Latina

Salvato in:
Dettagli Bibliografici
Natura: testo
Soggetti:
Tags: Aggiungi Tag
Nessun Tag, puoi essere il primo ad aggiungerne!!

MARC

LEADER 00000 a a2200000 04500
001 8657
003
040
245 |a Proyecto juventud, TICs y prevención del VIH SIDA en América Latina  
650 |a JUVENTUD  
650 |a PREVENCION DEL SIDA  
650 |a SALUD PUBLICA  
650 |a AMERICA LATINA Y EL CARIBE  
773 |g volumen 21, número 1; páginas 15-16  
999 |c 34561  |d 34561